Stratégia podniku pri zvyšovaní exportu do krajín OECD (zameranie na vybrané krajiny CEFTA) dizertačná práca
Enregistré dans:
| Auteur principal: | |
|---|---|
| Collectivité auteur: | |
| Autres auteurs: | |
| Format: | Livre |
| Langue: | slovaque |
| Publié: |
Košice
2003
|
| Sujets: | |
| Tags: |
Pas de tags, Soyez le premier à ajouter un tag!
|
MARC
| LEADER | 00000nam$a2200000$$$4500 | ||
|---|---|---|---|
| 001 | 0040454 | ||
| 005 | 20240104093406.2 | ||
| 041 | 0 | |a slo | |
| 044 | |a SK | ||
| 245 | 1 | 0 | |a Stratégia podniku pri zvyšovaní exportu do krajín OECD (zameranie na vybrané krajiny CEFTA) |b dizertačná práca |c Katarína Gofusová ; školiteľ: Tatiana Varcholová |
| 264 | 1 | |a Košice |c 2003 | |
| 300 | |a 149 s. | ||
| 610 | 2 | 0 | |a stratégia hospodárska |
| 610 | 2 | 0 | |a obchod zahraničný |
| 610 | 2 | 0 | |a globalizácia |
| 610 | 2 | 0 | |a trh zahraničný |
| 610 | 2 | 0 | |a analýzy |
| 100 | 1 | |a Gofusová, Katarína, 1977- | |
| 700 | 1 | |a Varcholová, Tatiana | |
| 710 | 2 | |a Ekonomická univerzita v Bratislave. Podnikovohospodárska fakulta so sídlom v Košiciach | |